Central Library and Information Centre
Sibsagar Girls' College, Sivasagar : Assam

THE SULTANATE OF DELHI (Record no. 31275)

MARC details
000 -LEADER
fixed length control field 00346nam a22001337a 4500
005 - DATE AND TIME OF LATEST TRANSACTION
control field 20250327070820.0
008 - FIXED-LENGTH DATA ELEMENTS--GENERAL INFORMATION
fixed length control field 250327b |||||||| |||| 00| 0 eng d
040 ## - CATALOGING SOURCE
Transcribing agency
100 ## - MAIN ENTRY--PERSONAL NAME
Personal name SHARMA L. P.
9 (RLIN) 488
245 ## - TITLE STATEMENT
Title THE SULTANATE OF DELHI
Medium ENGLISH
250 ## - EDITION STATEMENT
Edition statement 1ST
260 ## - PUBLICATION, DISTRIBUTION, ETC.
Place of publication, distribution, etc. DELHI
Name of publisher, distributor, etc. KONARK PUBLISHERS PVT LTD
Date of publication, distribution, etc. 1988
942 ## - ADDED ENTRY ELEMENTS (KOHA)
Source of classification or shelving scheme Dewey Decimal Classification
Koha item type Books
Holdings
Withdrawn status Lost status Source of classification or shelving scheme Damaged status Not for loan Collection code Home library Current library Shelving location Date acquired Total Checkouts Full call number Barcode Date last seen Price effective from Koha item type Public note
    Dewey Decimal Classification     REFHIS Central Library and Information Centre Sibsagar Girls College Central Library and Information Centre Sibsagar Girls College HISTORY REFERENCE RACK 27.03.2025   954 SHA 50004 27.03.2025 27.03.2025 Books DONATED BOOK BY UTPALA GOHAIN


Sibsagar Girl's College © 2020. All rights reserved.
Powered by Koha.
Maintained by Abhijit Borpuzari.